000 00620nam a2200241Ia 4500
003 OSt
005 20220918221920.0
006 a|||||r|||| 00| 0
007 ta
008 220917b |||||||| |||| 00| 0 eng d
024 _a210,616
037 _cTextual
040 _aARTS
_cARTS
_beng
041 _2eng
_aeng
082 _aO152,3N361,AN, M4.1
100 _aHkzej] jkedqekj
_9141734
245 0 _avadqj
260 _c1984
490 _adkSjo ikaMo dFkk ij vk/kkfjr miU;kl
650 _afgUnh lkfgR;
942 _hO152,3N361,AN, M4.1
_cTEXL
_2CC
999 _c274007
_d274007